00553nam a22001457a 4500003000400000005001700004008004100021040001400062100002800076245012400104260000900228300003100237500010500268504003400373OSt20171010095515.0120814t xxu||||| |||| 00| 0 eng d aMMSUcULS aQuilal-lan, Rebecca M.  aDecentralized learning resource center: its impact on pupil achievement and teacher performancecRebecca M. Quilal-lan  c1995 axxiii, 212 leaves c28 cm. aThesis (Ed.D.-Educational Management) -- Mariano Marcos State University-Graduate School, Laoag City aBibliography: leaves 171-177